[Event "SVK ECo-C Extraliga 2018-19"]
[Site "Slovakia"]
[Date "2019.03.09"]
[Round "7.1"]
[White "Neuman, Petr"]
[Black "Sipos, Istvan"]
[Result "1/2-1/2"]
[WhiteElo "2401"]
[BlackElo "2492"]
[Annotator "RC"]
[PlyCount "41"]
[EventDate "2018.11.10"]
[EventType "team-tourn"]
[EventCountry "SVK"]
[SourceTitle "playchess.com"]
[Source "ChessBase"]
[SourceQuality "1"]
[WhiteTeam "Liptovska"]
[BlackTeam "Komarno"]
[TimeControl "40/5400+30:1800+30"]

1. c4 {[%emt 0:00:00]} e6 {[%emt 0:01:34]} 2. g3 {[%emt 0:00:00]} d5 {[%emt 0:00:25]} 3. Bg2 {[%emt 0:00:01]} Nf6 {[%emt 0:00:58]} 4. Nf3 {[%emt 0:00:14]} Be7 {[%emt 0:00:13]} 5. O-O {[%emt 0:00:09]} O-O {[%emt 0:00:03]} 6. d4 {[%emt 0:00:56]} dxc4 {[%emt 0:01:28]} 7. Qc2 {[%emt 0:01:19]} b6 {[%emt 0:05:49]} 8. Qxc4 {[%emt 0:05:32]} Bb7 {[%emt 0:00:09]} 9. Nc3 {[%emt 0:01:09]} c5 {[%emt 0:06:52]} 10. dxc5 {[%emt 0:06:45]} Qc8 {[%emt 0:03:44]} 11. b3 {[%emt 0:11:50]} Qxc5 {[%emt 0:03:35]} 12. Qxc5 {[%emt 0:00:37]} Bxc5 {[%emt 0:00:13]} 13. Bb2 {[%emt 0:00:26]} Nbd7 {[%emt 0:03:08]} 14. Rfd1 {[%emt 0:05:04]} Rfd8 {[%emt 0:05:59]} 15. Ne5 {[%emt 0:12:00]} Bxg2 {[%emt 0:02:56]} 16. Nxd7 {[%emt 0:01:27]} Rxd7 {[%emt 0:12:02]} 17. Rxd7 {[%emt 0:00:23]} Nxd7 {[%emt 0:00:06]} 18. Kxg2 {[%emt 0:00:04]} Be7 {[%emt 0:12:25]} 19. Rc1 {[%emt 0:02:14]} Rc8 {[%emt 0:08:13]} 20. Nb5 {[%emt 0:04:30]} Rxc1 {[%emt 0:00:45]} 21. Bxc1 {[%emt 0:00:30]} 1/2-1/2

[Event "SVK ECo-C Extraliga 2018-19"]
[Site "Slovakia"]
[Date "2019.03.09"]
[Round "7.2"]
[White "Banusz, Tamas"]
[Black "Socko, Bartosz"]
[Result "1/2-1/2"]
[WhiteElo "2614"]
[BlackElo "2611"]
[Annotator "TA"]
[PlyCount "53"]
[EventDate "2018.11.10"]
[EventType "team-tourn"]
[EventCountry "SVK"]
[SourceTitle "playchess.com"]
[Source "ChessBase"]
[SourceQuality "1"]
[WhiteTeam "Slovan"]
[BlackTeam "Dunajov"]

{[%evp 17,53,41,35,43,31,35,43,18,17,31,32,22,41,44,43,24,43,0,0,4,14,0,0,7,20,6,35,35,33,33,51,-21,0,-55,0,0,16,-2]} 1. Nf3 Nf6 2. c4 e6 3. g3 d5 4. Bg2 dxc4 5. Qa4+ Nbd7 6. Qxc4 a6 7. Qc2 c5 8. Nc3 Ra7 {A13: English Opening: 1...e6} (8... Qc7 9. d4 b6 10. Bf4 Bd6 11. Bxd6 Qxd6 12. O-O Bb7 13. Rfd1 O-O 14. e4 cxd4 15. Nxd4 Qc7 16. Rac1 {½-½ (30) Adams,M (2715)-Karjakin,S (2760) London 2017}) 9. O-O b5 {LiveBook: 5 Games} 10. d3 $146 ({Predecessor:} 10. a4 b4 11. Nb1 Be7 12. d3 O-O 13. Nbd2 a5 14. Nc4 Bb7 15. Rd1 Nb6 16. Nfe5 Bxg2 17. Kxg2 {½-½ (38) Hansen,C (2625)-Hansen,S (2576) Svendborg 2015}) 10... Bb7 {White is slightly better.} 11. a4 b4 12. Nb1 {[%cal Bc3b1,Bb1d2,Bd2c4,Bc4a5][%mdl 32]} Be7 13. Nbd2 O-O 14. Nc4 Nb6 15. Na5 Ba8 16. e4 Rc7 17. Ne5 Nfd7 18. Nec4 (18. Nxd7 {feels hotter.} Qxd7 19. h4 Bf6 20. Be3 Rd8 21. Rfd1) 18... Rc8 19. Be3 Nxc4 20. Nxc4 Bf6 21. f4 Bd4 22. Qf2 Nb6 23. Rfc1 Re8 24. h3 ({White should play} 24. Bxd4 $14 cxd4 25. Nxb6 Qxb6 26. a5) 24... h6 25. Rc2 (25. Bxd4 $11 cxd4 26. Ne5) 25... Bxe3 (25... Nxc4 $15 26. Rxc4 Bd5) 26. Qxe3 $11 Qd4 27. Qxd4 {Precision: White = 43%, Black = 56%.} 1/2-1/2

[Event "SVK ECo-C Extraliga 2018-19"]
[Site "Slovakia"]
[Date "2019.03.09"]
[Round "7.2"]
[White "Tamas, GM Banusz"]
[Black "Bartosz, GM Socko"]
[Result "1/2-1/2"]
[WhiteElo "2614"]
[BlackElo "2611"]
[Annotator "TA"]
[PlyCount "53"]
[EventDate "2018.11.10"]
[EventType "team-tourn"]
[EventCountry "SVK"]
[SourceTitle "playchess.com"]
[Source "ChessBase"]
[SourceQuality "1"]
[WhiteTeam "1"]
[BlackTeam "2"]

{[%evp 14,53,31,41,49,39,47,33,35,35,45,29,35,22,31,19,50,52,47,31,31,10,16,0,13,4,6,10,36,12,33,31,47,43,37,-37,16,-50,0,0,15,0]} 1. Nf3 Nf6 2. c4 e6 3. g3 d5 4. Bg2 dxc4 5. Qa4+ Nbd7 6. Qxc4 a6 7. Qc2 c5 8. Nc3 Ra7 {A13: English Opening: 1...e6} (8... Qc7 9. d4 b6 10. Bf4 Bd6 11. Bxd6 Qxd6 12. O-O Bb7 13. Rfd1 O-O 14. e4 cxd4 15. Nxd4 Qc7 16. Rac1 {½-½ (30) Adams,M (2715)-Karjakin,S (2760) London 2017}) 9. O-O b5 10. d3 $146 ({Predecessor:} 10. a4 b4 11. Nb1 Be7 12. d3 O-O 13. Nbd2 a5 14. Nc4 Bb7 15. Rd1 Nb6 16. Nfe5 Bxg2 17. Kxg2 {½-½ (38) Hansen,C (2625)-Hansen,S (2576) Svendborg 2015}) 10... Bb7 {White is slightly better.} 11. a4 b4 12. Nb1 {[%cal Bc3b1,Bb1d2,Bd2c4,Bc4a5][%mdl 32]} Be7 13. Nbd2 O-O 14. Nc4 Nb6 15. Na5 Ba8 16. e4 Rc7 17. Ne5 Nfd7 18. Nec4 (18. Bf4 {with more complications.} Nxe5 19. Bxe5 Rc8 20. Bf4 Nd7 21. Nc4) 18... Rc8 19. Be3 Nxc4 20. Nxc4 Bf6 21. f4 Bd4 22. Qf2 Nb6 23. Rfc1 Re8 24. h3 (24. Bh3 $14) 24... h6 (24... Nxc4 $15 25. Rxc4 Bd5) 25. Rc2 ({White should play} 25. Bxd4 $11 cxd4 26. Ne5) 25... Bxe3 26. Qxe3 Qd4 27. Qxd4 {Accuracy: White = 47%, Black = 55%.} 1/2-1/2

[Event "SVK ECo-C Extraliga 2018-19"]
[Site "Slovakia"]
[Date "2019.03.09"]
[Round "7.2"]
[White "Markos, Jan"]
[Black "Balogh, Csaba"]
[Result "1-0"]
[WhiteElo "2551"]
[BlackElo "2628"]
[Annotator "ChessBase"]
[PlyCount "80"]
[EventDate "2018.11.10"]
[EventType "team-tourn"]
[EventCountry "SVK"]
[SourceTitle "playchess.com"]
[Source "ChessBase"]
[SourceQuality "1"]
[WhiteTeam "Snina"]
[BlackTeam "Modra"]
[TimeControl "40/5400+30:1800+30"]

1. Nf3 {[%emt 0:00:00]} d5 {[%emt 0:00:00]} 2. g3 {[%emt 0:00:00]} c6 {[%emt 0:00:51]} 3. Bg2 {[%emt 0:00:00]} Bg4 {[%emt 0:00:10]} 4. O-O {[%emt 0:00:00]} Nf6 {[%emt 0:02:23]} 5. d4 e6 {[%emt 0:00:30]} 6. Nbd2 {[%emt 0:02:26]} h6 {[%emt 0:07:21]} 7. b3 {[%emt 0:08:25]} Be7 {[%emt 0:01:57]} 8. Bb2 {[%emt 0:00:09]} O-O {[%emt 0:00:31]} 9. Ne5 {[%emt 0:08:28]} Bf5 {[%emt 0:00:31]} 10. f3 {[%emt 0:09:51]} c5 {[%emt 0:05:31]} 11. e4 {[%emt 0:00:50]} Bh7 {[%emt 0:00:13]} 12. dxc5 {[%emt 0:03:36]} Bxc5+ {[%emt 0:03:29]} 13. Kh1 {[%emt 0:01:43]} Nc6 {[%emt 0:06:32]} 14. Nxc6 {[%emt 0:01:15]} bxc6 {[%emt 0:00:04]} 15. Qe2 {[%emt 0:01:03]} a5 {[%emt 0:00:33]} 16. a4 {[%emt 0:08:44]} Re8 {[%emt 0:04:53]} 17. f4 {[%emt 0:03:26]} Bb4 {[%emt 0:02:25]} 18. e5 {[%emt 0:03:01]} Nd7 {[%emt 0:00:06]} 19. Nf3 {[%emt 0:03:46]} Qb6 {[%emt 0:03:11]} 20. Nd4 {[%emt 0:03:10]} Qa6 {[%emt 0:13:52]} 21. Rf2 {[%emt 0:15:02]} Qxe2 {[%emt 0:06:49]} 22. Rxe2 {[%emt 0:00:04]} Rac8 {[%emt 0:00:08]} 23. g4 {[%emt 0:12:50]} c5 {[%emt 0:16:12]} 24. Nb5 {[%emt 0:00:10]} c4 {[%emt 0:00:05]} 25. Nd6 {[%emt 0:00:07]} Bxd6 {[%emt 0:01:23]} 26. exd6 {[%emt 0:00:04]} Red8 {[%emt 0:03:49]} 27. f5 {[%emt 0:04:38]} c3 {[%emt 0:08:22]} 28. Ba3 {[%emt 0:00:09]} Nf6 {[%emt 0:07:51]} 29. Rae1 {[%emt 0:02:18]} d4 {[%emt 0:03:00]} 30. Rd1 {[%emt 0:00:40]} e5 {[%emt 0:01:07]} 31. Rxe5 {[%emt 0:00:29]} Nxg4 {[%emt 0:00:04]} 32. Re2 {[%emt 0:00:07]} Bxf5 {[%emt 0:01:29]} 33. Rxd4 {[%emt 0:00:07]} Re8 {[%emt 0:00:35]} 34. Re7 {[%emt 0:06:13]} Nf6 35. Bb7 {[%emt 0:00:30]} Rcd8 {[%emt 0:00:33]} 36. Rc4 {[%emt 0:00:45]} Bh3 {[%emt 0:00:57]} 37. Kg1 {[%emt 0:00:24]} Ng4 38. Rxe8+ {[%emt 0:02:14]} Rxe8 {[%emt 0:00:32]} 39. Rc8 {[%emt 0:00:22]} Nf6 40. Rxe8+ {[%emt 0:00:30]} Nxe8 {[%emt 0:01:17]} 1-0

[Event "SVK ECo-C Extraliga 2018-19"]
[Site "Slovakia"]
[Date "2019.03.09"]
[Round "7.2"]
[White "Vajda, Levente"]
[Black "Roubalik, Jakub"]
[Result "1/2-1/2"]
[WhiteElo "2551"]
[BlackElo "2410"]
[Annotator "ChessBase"]
[PlyCount "93"]
[EventDate "2018.11.10"]
[EventType "team-tourn"]
[EventCountry "SVK"]
[SourceTitle "playchess.com"]
[Source "ChessBase"]
[SourceQuality "1"]
[WhiteTeam "Streda"]
[BlackTeam "Dubnica"]
[TimeControl "40/5400+30:1800+30"]

1. Nf3 {[%emt 0:00:00]} d5 {[%emt 0:00:00]} 2. g3 {[%emt 0:00:00]} Nf6 {[%emt 0:00:07]} 3. Bg2 {[%emt 0:00:00]} e6 {[%emt 0:00:52]} 4. O-O {[%emt 0:00:00]} Be7 {[%emt 0:00:06]} 5. c4 {[%emt 0:00:00]} O-O {[%emt 0:00:23]} 6. d4 {[%emt 0:00:02]} dxc4 {[%emt 0:00:58]} 7. Qc2 {[%emt 0:00:14]} a6 {[%emt 0:02:20]} 8. a4 {[%emt 0:03:13]} Nc6 {[%emt 0:04:21]} 9. Rd1 {[%emt 0:15:00]} Nb4 {[%emt 0:13:17]} 10. Qxc4 {[%emt 0:00:31]} b5 {[%emt 0:00:25]} 11. Qb3 {[%emt 0:00:08]} Bb7 {[%emt 0:01:41]} 12. Nc3 {[%emt 0:00:09]} h6 {[%emt 0:07:38]} 13. Ne5 {[%emt 0:03:59]} Bxg2 {[%emt 0:00:52]} 14. Kxg2 {[%emt 0:00:05]} Qc8 {[%emt 0:02:34]} 15. f3 {[%emt 0:01:47]} Qb7 {[%emt 0:04:29]} 16. Be3 {[%emt 0:03:52]} Nbd5 {[%emt 0:12:26]} 17. Bf2 {[%emt 0:00:50]} Nxc3 {[%emt 0:01:24]} 18. Qxc3 {[%emt 0:01:36]} Nd5 {[%emt 0:09:13]} 19. Qc6 {[%emt 0:03:27]} Rfb8 {[%emt 0:01:28]} 20. a5 {[%emt 0:13:14]} Nb4 {[%emt 0:09:50]} 21. Qxb7 {[%emt 0:03:07]} Rxb7 {[%emt 0:00:13]} 22. Rdc1 {[%emt 0:00:37]} f6 {[%emt 0:08:18]} 23. Nc6 {[%emt 0:02:06]} Nxc6 {[%emt 0:00:45]} 24. Rxc6 {[%emt 0:00:05]} Kf7 {[%emt 0:00:08]} 25. g4 {[%emt 0:03:01]} Bd6 {[%emt 0:02:11]} 26. Bg3 {[%emt 0:00:05]} e5 {[%emt 0:01:47]} 27. d5 {[%emt 0:01:28]} b4 {[%emt 0:00:50]} 28. b3 {[%emt 0:00:17]} Rb5 {[%emt 0:02:23]} 29. e4 {[%emt 0:00:07]} Ke7 {[%emt 0:01:53]} 30. Kf1 {[%emt 0:01:25]} Kd7 {[%emt 0:02:41]} 31. h4 {[%emt 0:04:25]} g6 {[%emt 0:04:22]} 32. h5 {[%emt 0:00:58]} gxh5 {[%emt 0:01:08]} 33. gxh5 {[%emt 0:00:05]} Kc8 {[%emt 0:00:04]} 34. Bf2 {[%emt 0:00:54]} Kb7 {[%emt 0:00:33]} 35. Be3 {[%emt 0:02:01]} f5 {[%emt 0:00:22]} 36. Rc2 {[%emt 0:00:50]} Rf8 {[%emt 0:01:34]} 37. Kg2 {[%emt 0:03:49]} Rg8+ {[%emt 0:00:37]} 38. Kh3 {[%emt 0:00:12]} f4 {[%emt 0:01:33]} 39. Bf2 {[%emt 0:01:08]} Rg5 {[%emt 0:00:11]} 40. Bh4 {[%emt 0:00:15]} Rg7 {[%emt 0:01:57]} 41. Rc6 {[%emt 0:32:32]} Rg8 {[%emt 0:02:51]} 42. Kh2 {[%emt 0:00:00]} Rg7 {[%emt 0:01:20]} 43. Ra4 {[%emt 0:00:00]} Rg8 {[%emt 0:02:01]} 44. Rc4 {[%emt 0:00:00]} Kc8 {[%emt 0:03:57]} 45. Rc2 {[%emt 0:00:00]} Rg7 {[%emt 0:05:39]} 46. Rc6 {[%emt 0:00:00]} Kb7 {[%emt 0:00:12]} 47. Rc2 {[%emt 0:00:00]} 1/2-1/2

[Event "SVK ECo-C Extraliga 2018-19"]
[Site "Slovakia"]
[Date "2019.03.09"]
[Round "7.2"]
[White "Gazik, Viktor"]
[Black "Petrik, Tomas"]
[Result "0-1"]
[WhiteElo "2513"]
[BlackElo "2466"]
[Annotator "ChessBase"]
[PlyCount "61"]
[EventDate "2018.11.10"]
[EventType "team-tourn"]
[EventCountry "SVK"]
[SourceTitle "playchess.com"]
[Source "ChessBase"]
[SourceQuality "1"]
[WhiteTeam "Podhajska"]
[BlackTeam "Zilina"]
[TimeControl "40/5400+30:1800+30"]

1. g3 {[%emt 0:06:10]} d5 {[%emt 0:02:23]} 2. Bg2 {[%emt 0:00:07]} c6 {[%emt 0:00:41]} 3. Nf3 {[%emt 0:01:35]} Bg4 {[%emt 0:01:16]} 4. c4 {[%emt 0:07:13]} e6 {[%emt 0:06:51]} 5. O-O {[%emt 0:02:46]} Nf6 {[%emt 0:12:37]} 6. cxd5 {[%emt 0:10:40]} Bxf3 {[%emt 0:10:37]} 7. Bxf3 {[%emt 0:01:25]} cxd5 {[%emt 0:00:07]} 8. a3 {[%emt 0:13:28]} Nc6 {[%emt 0:03:32]} 9. Nc3 {[%emt 0:00:21]} Bc5 {[%emt 0:15:50]} 10. e3 {[%emt 0:09:29]} O-O {[%emt 0:05:36]} 11. Bg2 {[%emt 0:05:07]} Rc8 {[%emt 0:03:22]} 12. b4 {[%emt 0:00:59]} Be7 {[%emt 0:02:02]} 13. Bb2 {[%emt 0:00:17]} Ne8 {[%emt 0:08:47]} 14. Qb3 {[%emt 0:10:50]} Nd6 {[%emt 0:01:40]} 15. d3 {[%emt 0:00:03]} Bf6 {[%emt 0:02:33]} 16. Rac1 {[%emt 0:03:06]} a6 {[%emt 0:04:17]} 17. Na4 {[%emt 0:03:48]} Bxb2 {[%emt 0:04:09]} 18. Qxb2 {[%emt 0:00:04]} Na7 {[%emt 0:07:52]} 19. Rxc8 {[%emt 0:10:36]} Qxc8 {[%emt 0:00:33]} 20. Rc1 {[%emt 0:00:05]} Qd7 {[%emt 0:00:18]} 21. Nc5 {[%emt 0:01:39]} Qe7 {[%emt 0:00:16]} 22. a4 {[%emt 0:06:21]} Rc8 {[%emt 0:01:25]} 23. h4 {[%emt 0:01:53]} h6 {[%emt 0:00:06]} 24. Kh2 {[%emt 0:00:31]} Ne8 {[%emt 0:02:32]} 25. Bh3 {[%emt 0:01:01]} a5 {[%emt 0:01:12]} 26. Rb1 {[%emt 0:02:37]} Nc6 {[%emt 0:01:35]} 27. b5 {[%emt 0:00:48]} Nb4 {[%emt 0:00:39]} 28. d4 {[%emt 0:00:27]} b6 {[%emt 0:00:24]} 29. Na6 {[%emt 0:00:22]} Rc2 {[%emt 0:00:04]} 30. Qa3 {[%emt 0:00:39]} Qf6 {[%emt 0:01:12]} 31. Bg2 {[%emt 0:00:00]} 0-1

[Event "SVK ECo-C Extraliga 2018-19"]
[Site "Slovakia"]
[Date "2019.03.09"]
[Round "7.2"]
[White "Klekowski, Maciej"]
[Black "Jablonicky, Martin"]
[Result "1/2-1/2"]
[WhiteElo "2499"]
[BlackElo "2318"]
[Annotator "TA"]
[PlyCount "120"]
[EventDate "2018.11.10"]
[EventType "team-tourn"]
[EventCountry "SVK"]
[SourceTitle "playchess.com"]
[Source "ChessBase"]
[SourceQuality "1"]
[WhiteTeam "Prakovce"]
[BlackTeam "Osuske"]

{[%evp 19,120,27,46,40,41,41,81,74,83,86,131,130,111,117,136,139,143,127,222,215,204,208,204,185,189,14,14,10,7,7,7,0,8,7,7,7,6,6,20,16,16,18,16,14,14,8,8,8,8,8,8,8,8,0,0,0,0,0,0,0,75,62,60,64,229,227,391,387,352,369,364,398,392,392,318,8,8,0,0,0,0,0,0,0,0,0,0,0,0,0,0,0,0,0,0,0,0,0,0,0,0,0,0]} 1. c4 g6 2. Nc3 Bg7 3. g3 Nf6 4. Bg2 O-O 5. d4 d6 6. e3 c5 7. Nge2 Nc6 8. O-O Bd7 9. b3 a6 10. Bb2 Rb8 11. dxc5 {E61: King's Indian: Early deviations for White, including Smyslov System} (11. a4 Na5 12. e4 e5 13. dxe5 dxe5 14. Nd5 Nc6 15. f4 Re8 16. h3 Nxd5 17. exd5 Nb4 18. Qd2 e4 19. Bxg7 Kxg7 {½-½ (28) Svidler,P (2759)-Ponomariov,R (2706) Almaty 2016}) 11... dxc5 12. Nf4 e6 13. Qd6 {White is better.} Qe7 {[#]} 14. Rfd1 $146 ({Predecessor:} 14. Rad1 Rfd8 15. Na4 Qxd6 16. Rxd6 Ne8 17. Rd2 Bxb2 18. Nxb2 Ne5 {½-½ (36) Nikolaidis,I (2559)-Svoboda,V (2416) Achaea 2016}) 14... Rfd8 15. Na4 $1 Qxd6 16. Rxd6 Ne8 {[#]} 17. Bxg7 $1 {[%mdl 512]} Nxd6 (17... Nxg7 18. Nxc5) 18. Bf6 Rdc8 {[#]} (18... Kf8 $16 19. Bxd8 (19. Nxc5 Ne7 $16) 19... Nxd8) 19. Nb6 $1 $18 {[%cal Rb6d7]} ({Don't play} 19. Nxc5 $6 Be8 $16) 19... Be8 20. Rd1 Rd8 21. Bxd8 Rxd8 22. Na4 $2 ({Better is} 22. Bxc6 $18 bxc6 23. Na4) 22... Nxc4 $1 $11 23. Rxd8 Nxd8 24. Nxc5 Nd6 25. b4 Bc6 (25... Kf8 {keeps more tension.} 26. e4 Nc6 27. Nfd3 e5 28. f4 f6) 26. Nfd3 Bxg2 27. Kxg2 {[%mdl 4096] Endgame KNN-KNN} Nc6 28. f4 a5 29. bxa5 Nxa5 30. e4 Nb5 31. e5 Nc3 32. Nb4 b6 33. Nd7 Nc4 34. Kf3 Kg7 35. g4 h6 36. h4 h5 37. gxh5 gxh5 38. Nf6 Kg6 39. Ne4 Nb5 (39... Nxe4 $1 $11 40. Kxe4 Nd2+ 41. Ke3 Nb1) 40. Nc6 $16 Nc7 41. Ne7+ Kh6 $2 (41... Kg7 $14) 42. Nd6 $18 Nd2+ $2 (42... Na3 {keeps fighting.} 43. Nxf7+ Kg7) 43. Ke2 Nb1 44. Kd3 ({Weaker is} 44. Nxf7+ Kg7 $16) 44... Kg7 45. Kc2 Na3+ 46. Kb2 Nab5 {[#]} 47. Nxb5 $2 (47. Nc6 $1 $18) 47... Nxb5 {KN-KN. The position is equal.} 48. Nc8 Nc7 49. Nxb6 Kg6 50. Nd7 Kf5 51. Nf6 Kxf4 52. Nxh5+ Kxe5 53. Ng3 f5 54. h5 Kf6 55. Kc3 Kg5 56. Kd4 f4 57. Ne2 {Hoping for Nxf4!} Kf5 58. h6 {Threatens to win with h7.} e5+ 59. Kd3 {aiming for h7.} Kg6 60. Ke4 Kxh6 {Accuracy: White = 65%, Black = 58%.} 1/2-1/2

[Event "SVK ECo-C Extraliga 2018-19"]
[Site "Slovakia"]
[Date "2019.03.09"]
[Round "7.2"]
[White "Jakab, Bela"]
[Black "Hrabusa, Matej"]
[Result "0-1"]
[WhiteElo "2320"]
[BlackElo "2405"]
[Annotator "NA"]
[PlyCount "102"]
[EventDate "2018.11.10"]
[EventType "team-tourn"]
[EventCountry "SVK"]
[SourceTitle "playchess.com"]
[Source "ChessBase"]
[SourceQuality "1"]
[WhiteTeam "Komarno"]
[BlackTeam "Liptovska"]
[TimeControl "40/5400+30:1800+30"]

1. e4 {[%emt 0:00:00]} e6 {[%emt 0:00:00]} 2. d4 {[%emt 0:00:00]} d5 {[%emt 0:00:00]} 3. Nc3 {[%emt 0:00:00]} Bb4 {[%emt 0:00:00]} 4. e5 {[%emt 0:00:00]} b6 {[%emt 0:00:16]} 5. a3 {[%emt 0:01:05]} Bf8 {[%emt 0:00:35]} 6. f4 {[%emt 0:02:17]} Ne7 {[%emt 0:01:25]} 7. Be3 {[%emt 0:01:34]} Qd7 {[%emt 0:01:58]} 8. Nf3 {[%emt 0:05:50]} h5 {[%emt 0:01:32]} 9. b4 {[%emt 0:04:48]} Nf5 {[%emt 0:07:46]} 10. Bf2 {[%emt 0:01:17]} c6 {[%emt 0:03:16]} 11. Bd3 {[%emt 0:06:01]} Ba6 {[%emt 0:02:08]} 12. O-O {[%emt 0:04:12]} Be7 {[%emt 0:07:20]} 13. Ne2 {[%emt 0:08:58]} Bxd3 {[%emt 0:03:07]} 14. Qxd3 {[%emt 0:01:01]} a5 {[%emt 0:04:20]} 15. c3 {[%emt 0:05:07]} g6 {[%emt 0:08:20]} 16. Ng5 {[%emt 0:11:23]} b5 {[%emt 0:11:43]} 17. Ng3 $11 {[%emt 0:21:27]} Bxg5 {[%emt 0:10:57]} 18. fxg5 {[%emt 0:00:52]} Qe7 {[%emt 0:03:02]} 19. Nxf5 {[%emt 0:03:01]} exf5 {[%emt 0:01:31]} 20. a4 {[%emt 0:02:02]} axb4 {[%emt 0:00:56]} 21. axb5 {[%emt 0:01:23]} Rxa1 {[%emt 0:00:08]} 22. Rxa1 {[%emt 0:00:04]} bxc3 {[%emt 0:04:09]} 23. Qxc3 {[%emt 0:03:35]} O-O {[%emt 0:02:59]} 24. bxc6 {[%emt 0:01:11]} Rc8 {[%emt 0:00:16]} 25. Ra8 {[%emt 0:01:13]} Qc7 {[%emt 0:03:06]} 26. Qc5 {[%emt 0:00:44]} Nxc6 {[%emt 0:01:05]} 27. Rxc8+ {[%emt 0:00:18]} Qxc8 {[%emt 0:00:03]} 28. Qxd5 {[%emt 0:00:15]} Nb4 {[%emt 0:01:28]} 29. Qb5 {[%emt 0:02:29]} Qc1+ {[%emt 0:01:39]} 30. Qf1 {[%emt 0:00:05]} Qxg5 {[%emt 0:00:59]} 31. Qd1 {[%emt 0:01:38]} Nd5 {[%emt 0:01:34]} 32. h4 {[%emt 0:02:58]} Qg4 {[%emt 0:03:10]} 33. Qf3 {[%emt 0:04:05]} Qe4 {[%emt 0:06:54]} 34. Qd1 {[%emt 0:01:36]} Kf8 {[%emt 0:01:21]} 35. Qb3 {[%emt 0:00:32]} Nf4 {[%emt 0:00:57]} 36. Qf3 {[%emt 0:00:20]} Qxf3 {[%emt 0:00:52]} 37. gxf3 {[%emt 0:00:02]} Ke7 {[%emt 0:00:17]} 38. Be3 {[%emt 0:00:45]} Nd5 {[%emt 0:00:42]} 39. Kf2 {[%emt 0:00:23]} Ke6 {[%emt 0:00:45]} 40. Ke2 {[%emt 0:00:33]} Nb4 {[%emt 0:02:05]} 41. Bd2 {[%emt 0:31:38]} Nc6 {[%emt 0:30:30]} 42. Kd3 Kd5 {[%emt 0:00:13]} 43. Be3 {[%emt 0:01:16]} Nd8 {[%emt 0:01:17]} 44. Bg1 {[%emt 0:00:00]} Ne6 {[%emt 0:00:00]} 45. Be3 {[%emt 0:00:00]} f4 {[%emt 0:00:00]} 46. Bg1 {[%emt 0:00:00]} g5 {[%emt 0:00:00]} 47. hxg5 {[%emt 0:00:00]} Nxg5 {[%emt 0:00:00]} 48. Bh2 {[%emt 0:00:00]} Ne6 {[%emt 0:00:00]} 49. Bg1 {[%emt 0:00:00]} h4 {[%emt 0:00:00]} 50. Kc3 {[%emt 0:00:00]} h3 {[%emt 0:00:00]} 51. Bh2 {[%emt 0:00:00]} Nxd4 {[%emt 0:00:00]} 0-1